[Event "III Memorial Oliver Gonzalez (Torneo A)"]
[Site "Polideportivo Daoiz y Velarde,"]
[Date "2012.09.04"]
[Round "4"]
[White "Moreno Tejera, Emilio"]
[Black "Aranaz Murillo, Amalia"]
[Result "1/2-1/2"]
[WhiteElo "2358"]
[BlackElo "2213"]
[PlyCount "73"]
[EventDate "2012.09.01"]
[EventRounds "9"]
[EventCountry "ESP"]

1. e4 c6 2. d4 d5 3. e5 Bf5 4. c3 e6 5. Be3 Nd7 6. Nd2 Qb6 7. Qb3 f6 8. f4 g5
9. Qxb6 axb6 10. Ngf3 gxf4 11. Bxf4 Bh6 12. Bxh6 Nxh6 13. exf6 Nxf6 14. h3 Nf7
15. g4 Bg6 16. Bg2 Ne4 17. Nh4 Nxd2 18. Kxd2 O-O 19. Rhf1 e5 20. dxe5 Nxe5 21.
Rxf8+ Rxf8 22. Rf1 Nc4+ 23. Kc1 Ra8 24. b3 Ne3 25. Rf2 Nxg2 26. Nxg6 hxg6 27.
Rxg2 Rf8 28. Re2 Rf1+ 29. Kd2 Kf7 30. Ke3 Kf6 31. c4 Rh1 32. cxd5 cxd5 33. Kd4
Rd1+ 34. Kc3 Rc1+ 35. Kd4 Rd1+ 36. Kc3 Rc1+ 37. Kd4 1/2-1/2

[Event "III Memorial Oliver Gonzalez (Torneo A)"]
[Site "Polideportivo Daoiz y Velarde,"]
[Date "2012.09.04"]
[Round "4"]
[White "Montañes Arribas, Adrian"]
[Black "Elissalt Cardenas, Hector"]
[Result "0-1"]
[WhiteElo "2200"]
[BlackElo "2353"]
[PlyCount "64"]
[EventDate "2012.09.01"]
[EventRounds "9"]
[EventCountry "ESP"]

1. e4 d6 2. d4 Nf6 3. Nc3 e5 4. Nf3 Nbd7 5. Bc4 h6 6. O-O c6 7. a4 Qc7 8. Re1
a5 9. Ba2 g5 10. h4 g4 11. Nh2 Rg8 12. Nf1 Nh5 13. Ng3 Nxg3 14. fxg3 exd4 15.
Qxd4 Bg7 16. Qf2 Ne5 17. Ne2 Be6 18. Nd4 Bxa2 19. Rxa2 O-O-O 20. Nf5 h5 21. Bg5
Rde8 22. Rd1 Bf8 23. b3 Rg6 24. Raa1 Nd7 25. Nd4 Nc5 26. Qf5+ Qd7 27. Qxd7+
Kxd7 28. Rf1 f6 29. Rxf6 Rxf6 30. Bxf6 Nxe4 31. Bg5 Bg7 32. Rd1 Nc3 0-1

[Event "III Memorial Oliver Gonzalez (Torneo A)"]
[Site "Polideportivo Daoiz y Velarde,"]
[Date "2012.09.04"]
[Round "4"]
[White "Vazquez Torres, Adrian"]
[Black "Gallardo Garcia, Andres"]
[Result "0-1"]
[WhiteElo "2149"]
[BlackElo "2339"]
[PlyCount "78"]
[EventDate "2012.09.01"]
[EventRounds "9"]
[EventCountry "ESP"]

1. e4 c5 2. Nf3 Nc6 3. d4 cxd4 4. Nxd4 Nf6 5. Nc3 e5 6. Nb3 Bb4 7. Bg5 h6 8.
Bxf6 Bxc3+ 9. bxc3 Qxf6 10. Bc4 O-O 11. O-O Qg6 12. Qd3 d6 13. Rfd1 Rd8 14.
Rab1 Kh8 15. Nd2 Rb8 16. Nf1 Ne7 17. Ne3 Be6 18. Bxe6 Qxe6 19. c4 Rd7 20. Rb3
Rc8 21. Nd5 Nxd5 22. cxd5 Qe8 23. Rdb1 b6 24. Rc3 Rdc7 25. Rbb3 Qa4 26. Rxc7
Rxc7 27. a3 Qc4 28. f4 Qc5+ 29. Kf1 exf4 30. e5 dxe5 31. d6 e4 32. Qxe4 Qxd6
33. Rd3 Qg6 34. Qxg6 fxg6 35. c3 g5 36. Ke2 Rc4 37. Kf3 Ra4 38. h4 gxh4 39. Kg4
Kh7 0-1

[Event "III Memorial Oliver Gonzalez (Torneo A)"]
[Site "Polideportivo Daoiz y Velarde,"]
[Date "2012.09.04"]
[Round "4"]
[White "Perez Gonzalez, Jose Manuel"]
[Black "De La Fuente Gonzalez, Francisc"]
[Result "1-0"]
[WhiteElo "2333"]
[BlackElo "2203"]
[PlyCount "89"]
[EventDate "2012.09.01"]
[EventRounds "9"]
[EventCountry "ESP"]

1. e4 e5 2. Bc4 Nf6 3. d4 exd4 4. Nf3 Nxe4 5. Qxd4 Nf6 6. Bg5 Nc6 7. Qh4 Bb4+
8. c3 Be7 9. Nbd2 d5 10. Bd3 Be6 11. O-O Qd7 12. Rfe1 h6 13. Nb3 O-O-O 14. Bxf6
gxf6 15. Qa4 Rhg8 16. Bb5 Rg4 17. Nfd4 Rdg8 18. g3 Bd6 19. Bxc6 Qxc6 20. Qxc6
bxc6 21. Nxe6 fxe6 22. Rxe6 Re4 23. Rxe4 dxe4 24. Re1 Re8 25. f3 f5 26. fxe4
fxe4 27. Kg2 Kd7 28. Re3 Re5 29. Nd2 Ra5 30. a3 Rb5 31. Nc4 a5 32. Rxe4 h5 33.
h3 Rg5 34. g4 h4 35. Nxd6 cxd6 36. Kf3 Rd5 37. Rd4 Rb5 38. b4 axb4 39. axb4 Ke6
40. Kf4 c5 41. bxc5 Rxc5 42. c4 Ra5 43. g5 Rc5 44. Kg4 Kf7 45. Kxh4 1-0

[Event "III Memorial Oliver Gonzalez (Torneo A)"]
[Site "Polideportivo Daoiz y Velarde,"]
[Date "2012.09.04"]
[Round "4"]
[White "Silva Rodriguez, Julio"]
[Black "Garcia Salamero, Gabriel"]
[Result "1-0"]
[WhiteElo "2102"]
[BlackElo "2239"]
[PlyCount "79"]
[EventDate "2012.09.01"]
[EventRounds "9"]
[EventCountry "ESP"]

1. e4 c5 2. Nf3 e6 3. Nc3 a6 4. d4 cxd4 5. Nxd4 Qc7 6. Bd3 Nc6 7. Nxc6 dxc6 8.
O-O Nf6 9. f4 e5 10. Kh1 Bc5 11. Qf3 Ng4 12. f5 h5 13. Bg5 Bd7 14. Nd1 f6 15.
Bd2 O-O-O 16. Ne3 g5 17. a4 Bxe3 18. Bxe3 c5 19. Bg1 a5 20. Ra3 b6 21. c3 Bc6
22. Ba6+ Kd7 23. b4 axb4 24. cxb4 cxb4 25. Qb3 Ke8 26. Qxb4 Rd4 27. Bxd4 exd4
28. Rh3 Bxe4 29. Qxd4 Qc2 30. Bb5+ Kf7 31. Qd7+ Kf8 32. Rg3 Ne5 33. Qd6+ Kf7
34. Qe6+ Kg7 35. Rxg5+ fxg5 36. Qxe5+ Kh7 37. Qe7+ Kg8 38. Qe8+ Kg7 39. f6+ Kh7
40. Qf7+ 1-0

[Event "III Memorial Oliver Gonzalez (Torneo A)"]
[Site "Polideportivo Daoiz y Velarde,"]
[Date "2012.09.04"]
[Round "4"]
[White "Komljenovic, Davorin"]
[Black "Remolar Gallen, Jose"]
[Result "1-0"]
[WhiteElo "2446"]
[BlackElo "2137"]
[PlyCount "139"]
[EventDate "2012.09.01"]
[EventRounds "9"]
[EventCountry "ESP"]

1. c4 Nf6 2. Nc3 e6 3. Nf3 d5 4. d4 Bb4 5. cxd5 exd5 6. Qa4+ Nc6 7. Bg5 O-O 8.
e3 h6 9. Bh4 Qd6 10. Bd3 Ne4 11. Qc2 Re8 12. O-O Bf5 13. Na4 Qe6 14. a3 Bf8 15.
b4 Bxb4 16. axb4 Nxb4 17. Qxc7 Nxd3 18. Qxb7 Reb8 19. Qc7 a5 20. Rfd1 Rc8 21.
Qb6 Nd6 22. Bg3 Nc4 23. Qb5 Qc6 24. Qb3 Nb4 25. Ne1 Qb5 26. Nc5 Nb6 27. Bd6 Rc6
28. Be7 Ra7 29. Bh4 a4 30. Qc3 g5 31. Bg3 Nd7 32. Rdc1 Bg6 33. h4 Ra8 34. hxg5
hxg5 35. Qb2 Nb6 36. Ned3 Bxd3 37. Nxd3 Qxd3 38. Qxb4 Re6 39. Bc7 Nc4 40. Qb7
Rae8 41. Qxd5 Nxe3 42. Qf3 Qxd4 43. fxe3 Rxe3 44. Qf2 a3 45. Rd1 Qa7 46. Bd6
R8e6 47. Bxa3 Rf6 48. Qxf6 Re1+ 49. Kh2 Qg1+ 50. Kg3 Re3+ 51. Qf3 Rxf3+ 52.
Kxf3 g4+ 53. Kg3 Qe3+ 54. Kxg4 Qe2+ 55. Kg3 Qe3+ 56. Kh2 Qh6+ 57. Kg1 Qe3+ 58.
Kf1 Qf4+ 59. Ke2 Qe4+ 60. Kd2 Qxg2+ 61. Kc3 Qc6+ 62. Kd4 Qf6+ 63. Kc5 Qe5+ 64.
Kc6 Qe4+ 65. Kb6 f5 66. Bc5 f4 67. Rd6 Qc4 68. Ra8+ Kf7 69. Ra7+ Ke8 70. Re7+
1-0

[Event "III Memorial Oliver Gonzalez (Torneo A)"]
[Site "Polideportivo Daoiz y Velarde,"]
[Date "2012.09.04"]
[Round "4"]
[White "Roa Alonso, Santiago"]
[Black "Anton Veiga, Juan Carlos"]
[Result "1/2-1/2"]
[WhiteElo "2426"]
[BlackElo "2126"]
[PlyCount "82"]
[EventDate "2012.09.01"]
[EventRounds "9"]
[EventCountry "ESP"]

1. d4 d5 2. c4 e6 3. Nc3 Nf6 4. cxd5 exd5 5. Bg5 Be7 6. e3 O-O 7. Bd3 Nbd7 8.
Nge2 c6 9. Qc2 Re8 10. Bh4 Nf8 11. f3 Qa5 12. Bf2 c5 13. O-O c4 14. Bf5 b5 15.
a3 Bb7 16. e4 dxe4 17. fxe4 Qb6 18. Nf4 Rad8 19. Rad1 a5 20. Kh1 Ng6 21. Bxg6
hxg6 22. e5 Ng4 23. Bg1 g5 24. Nfe2 b4 25. axb4 axb4 26. Ne4 Bd5 27. N2g3 Qg6
28. Qe2 Nh6 29. Rde1 Ra8 30. Qd2 Ra2 31. Rf2 Rea8 32. Qd1 Ra1 33. Qe2 Ng4 34.
Rff1 Rxe1 35. Rxe1 Nh6 36. Qf3 Ra5 37. Qf1 Kh8 38. Re3 Ng4 39. Re1 Nh6 40. Re3
Ng4 41. Re1 Nh6 1/2-1/2

[Event "III Memorial Oliver Gonzalez (Torneo A)"]
[Site "Polideportivo Daoiz y Velarde,"]
[Date "2012.09.04"]
[Round "4"]
[White "Chueca Forcen, Alberto"]
[Black "Martin Martin, Luis Vicente"]
[Result "1-0"]
[WhiteElo "2313"]
[BlackElo "2069"]
[PlyCount "49"]
[EventDate "2012.09.01"]
[EventRounds "9"]
[EventCountry "ESP"]

1. d4 d5 2. Bf4 Nf6 3. c3 c5 4. dxc5 a5 5. e3 Nc6 6. Bb5 e6 7. b4 Bd7 8. Qb3
Be7 9. Nf3 O-O 10. Nbd2 axb4 11. cxb4 b6 12. Bxc6 Bxc6 13. b5 Be8 14. c6 Ra3
15. Qb2 Qa8 16. O-O Ne4 17. Nxe4 dxe4 18. Nd2 Bf6 19. Be5 Bxe5 20. Qxe5 Rxa2
21. Rxa2 Qxa2 22. Nxe4 f6 23. Qd4 Bg6 24. Nd6 Qa7 25. Qc4 1-0

[Event "III Memorial Oliver Gonzalez (Torneo A)"]
[Site "Polideportivo Daoiz y Velarde,"]
[Date "2012.09.04"]
[Round "4"]
[White "Jimenez Martinez, Jose Vicente"]
[Black "Ginesta Caballero, Olga Lucia"]
[Result "1-0"]
[WhiteElo "2277"]
[BlackElo "2099"]
[PlyCount "85"]
[EventDate "2012.09.01"]
[EventRounds "9"]
[EventCountry "ESP"]

1. d4 f5 2. c4 Nf6 3. Nc3 e6 4. Nf3 Be7 5. g3 O-O 6. Bg2 d6 7. O-O Qe8 8. b3 a5
9. Bb2 Na6 10. Re1 Qg6 11. e4 fxe4 12. Nxe4 Nxe4 13. Rxe4 Bf6 14. Qe2 c5 15.
Re1 Bd7 16. Qd2 a4 17. bxa4 Nb4 18. a3 d5 19. cxd5 Nxd5 20. Ne5 Bxe5 21. Rxe5
c4 22. a5 Rac8 23. Bc3 Nxc3 24. Qxc3 Qd3 25. R5e3 Qf5 26. f4 Ra8 27. Bxb7 Rxa5
28. Qxc4 Ra4 29. Qc5 Qxc5 30. dxc5 Rc4 31. c6 Bxc6 32. Bxc6 Rxc6 33. Rxe6 Rc2
34. R1e2 Rc3 35. Ra6 h5 36. Ra7 Rb8 37. Kg2 h4 38. Ree7 Rb2+ 39. Kh3 hxg3 40.
hxg3 Rbb3 41. Rxg7+ Kh8 42. a4 Rb1 43. Rgc7 1-0

[Event "III Memorial Oliver Gonzalez (Torneo A)"]
[Site "Polideportivo Daoiz y Velarde,"]
[Date "2012.09.04"]
[Round "4"]
[White "Gomez Gonzalez, Javier"]
[Black "Santos, Jose Alves"]
[Result "1-0"]
[WhiteElo "2137"]
[BlackElo "2265"]
[PlyCount "85"]
[EventDate "2012.09.01"]
[EventRounds "9"]
[EventCountry "ESP"]

1. e4 e5 2. Nf3 Nc6 3. Bb5 a6 4. Ba4 Nf6 5. O-O Be7 6. Re1 b5 7. Bb3 O-O 8. d3
Bb7 9. Nc3 d6 10. a3 Qd7 11. Nd5 Nxd5 12. Bxd5 Rad8 13. Bd2 Bf6 14. a4 Bc8 15.
axb5 axb5 16. h3 Ne7 17. Bb3 Bb7 18. c3 c5 19. Bg5 Bxg5 20. Nxg5 h6 21. Nf3 Qc7
22. Nh4 d5 23. Qh5 c4 24. dxc4 dxc4 25. Bc2 Rd2 26. Re2 Rfd8 27. Rae1 R2d6 28.
Qxe5 f6 29. Qg3 R6d7 30. e5 g5 31. exf6 Qxg3 32. fxg3 Nd5 33. Nf5 h5 34. Nh6+
Kf8 35. f7 Nf6 36. Bf5 Rd6 37. Be6 Rd2 38. Nf5 Rxe2 39. Rxe2 Ne4 40. Nd4 Nxg3
41. Re1 h4 42. Bxc4 Rxd4 43. Re8+ 1-0

[Event "III Memorial Oliver Gonzalez (Torneo A)"]
[Site "Polideportivo Daoiz y Velarde,"]
[Date "2012.09.04"]
[Round "4"]
[White "Martin Duque, Jesus"]
[Black "Madurga Lopez, Ignacio"]
[Result "0-1"]
[WhiteElo "2261"]
[BlackElo "2052"]
[PlyCount "106"]
[EventDate "2012.09.01"]
[EventRounds "9"]
[EventCountry "ESP"]

1. e4 c5 2. Nf3 d6 3. d4 cxd4 4. Nxd4 Nf6 5. Nc3 Nc6 6. Bg5 e6 7. Qd2 a6 8.
O-O-O Bd7 9. f4 h6 10. Bh4 g5 11. fxg5 Ng4 12. Be2 Nge5 13. Nxc6 Bxc6 14. Kb1
Be7 15. Rhf1 hxg5 16. Bg3 b5 17. Qd4 Qb8 18. a4 f6 19. a5 Qc7 20. b4 Rc8 21.
Rd2 Bb7 22. Nd1 Nc4 23. Bxc4 Qxc4 24. Re1 Qxd4 25. Rxd4 e5 26. Rd2 Rc4 27. c3
Rxe4 28. Rxe4 Bxe4+ 29. Kb2 Kf7 30. h3 Ke6 31. Ne3 f5 32. Be1 d5 33. Kb3 Bd6
34. Ka3 Bb8 35. Kb3 Ba7 36. Nd1 f4 37. Nb2 g4 38. hxg4 Rg8 39. Nd3 Be3 40. Nc5+
Bxc5 41. bxc5 Rxg4 42. Kb2 Rxg2 43. Rxg2 Bxg2 44. Kc2 e4 45. Kd2 Bf1 46. Bh4
e3+ 47. Ke1 Bh3 48. Ke2 Bg4+ 49. Kd3 Ke5 50. Bd8 Bf5+ 51. Ke2 Ke4 52. Bf6 f3+
53. Ke1 f2+ 0-1

[Event "III Memorial Oliver Gonzalez (Torneo A)"]
[Site "Polideportivo Daoiz y Velarde,"]
[Date "2012.09.04"]
[Round "4"]
[White "Alvarez Abejon, Amilcar"]
[Black "Ballesteros Gonzalez, David"]
[Result "0-1"]
[WhiteElo "2105"]
[BlackElo "2227"]
[PlyCount "96"]
[EventDate "2012.09.01"]
[EventRounds "9"]
[EventCountry "ESP"]

1. e4 d6 2. d4 g6 3. Nc3 c6 4. f4 d5 5. e5 h5 6. Nf3 Nh6 7. Be3 Bf5 8. Bd3 e6
9. h3 Nd7 10. Bf2 Be7 11. O-O a6 12. Ne2 b5 13. a4 Nb6 14. b3 Kf8 15. a5 Nd7
16. c3 c5 17. c4 dxc4 18. bxc4 b4 19. d5 Qc8 20. Ng3 Kg7 21. Nxf5+ exf5 22. Qe2
Re8 23. Ng5 Kg8 24. e6 Nf8 25. Rae1 Bd6 26. Nxf7 Nxf7 27. exf7+ Kxf7 28. Qd2
Qc7 29. Bh4 Rxe1 30. Rxe1 Re8 31. Rxe8 Kxe8 32. Qe3+ Kf7 33. Bg5 Qxa5 34. Bh6
Qa1+ 35. Kh2 Qd4 36. Qxd4 cxd4 37. Bxf8 Kxf8 38. Bc2 Bxf4+ 39. Kg1 Bd6 40. Kf2
Ke7 41. Ba4 Kf6 42. Kf3 g5 43. Bd1 Ke5 44. Bb3 a5 45. g4 fxg4+ 46. hxg4 h4 47.
Bc2 d3 48. Bxd3 Kd4 0-1

[Event "III Memorial Oliver Gonzalez (Torneo A)"]
[Site "Polideportivo Daoiz y Velarde,"]
[Date "2012.09.04"]
[Round "4"]
[White "Vega Gomez, Francisco Borja"]
[Black "Perez Cameselle, Francisco"]
[Result "1/2-1/2"]
[WhiteElo "2220"]
[BlackElo "1836"]
[PlyCount "145"]
[EventDate "2012.09.01"]
[EventRounds "9"]
[EventCountry "ESP"]

1. Nf3 Nf6 2. g3 g6 3. Bg2 Bg7 4. O-O O-O 5. d4 d6 6. Nc3 Nc6 7. e4 e5 8. dxe5
dxe5 9. Bg5 Qxd1 10. Rfxd1 Bg4 11. Bxf6 Bxf6 12. Nd5 Bd8 13. c3 f6 14. b4 Ne7
15. Ne3 Be6 16. Bf1 Kf7 17. Nd2 c6 18. a4 Bc7 19. Ndc4 Rfd8 20. a5 Ke8 21. Bd3
Rd7 22. Kf1 Rad8 23. Ke2 Kf7 24. Nb2 Nc8 25. Na4 b6 26. axb6 axb6 27. Nb2 Ne7
28. Ra6 Nc8 29. Bc2 Rxd1 30. Bxd1 Nd6 31. Bc2 Nb5 32. Nbd1 Ke7 33. Bd3 Nd6 34.
Nb2 Kd7 35. c4 Rb8 36. Nbd1 Kc8 37. b5 Kb7 38. Nc3 cxb5 39. cxb5 Rc8 40. Ncd5
Bxd5 41. Nxd5 Bd8 42. Ra4 Rc5 43. Rb4 f5 44. f3 fxe4 45. fxe4 h5 46. h4 g5 47.
hxg5 Bxg5 48. Ne3 Bxe3 49. Kxe3 Ne8 50. Rb1 Rc7 51. Rf1 Rg7 52. Rf3 Nd6 53. Kf2
Rf7 54. Rxf7+ Nxf7 55. Be2 Nd6 56. Ke3 Kc7 57. Bxh5 Nxb5 58. Be8 Nd6 59. Ba4
Kd8 60. Kd3 Ke7 61. Bc6 Kf6 62. Kc3 Kg5 63. Bd7 Kf6 64. Kd3 Ke7 65. Bh3 Kf6 66.
Bg2 Kg5 67. Bf3 b5 68. Bd1 b4 69. Bf3 b3 70. Kc3 Nxe4+ 71. Bxe4 Kg4 72. Kxb3
Kxg3 73. Kc4 1/2-1/2

[Event "III Memorial Oliver Gonzalez (Torneo A)"]
[Site "Polideportivo Daoiz y Velarde,"]
[Date "2012.09.04"]
[Round "4"]
[White "Rodriguez Melendez, Juan Humbe"]
[Black "Fernandez Blazquez, Diego"]
[Result "1-0"]
[WhiteElo "2080"]
[BlackElo "2215"]
[PlyCount "107"]
[EventDate "2012.09.01"]
[EventRounds "9"]
[EventCountry "ESP"]

1. e4 c5 2. Nc3 Nc6 3. f4 g6 4. Nf3 Bg7 5. Bc4 e6 6. O-O Nge7 7. d3 d5 8. Bb3
O-O 9. Kh1 Nd4 10. Qe1 Nec6 11. f5 dxe4 12. Nxe4 Nxf3 13. Rxf3 exf5 14. Bg5 Qd4
15. c3 Qe5 16. Bf4 Qe8 17. Nxc5 Qd8 18. d4 Na5 19. Bc2 b6 20. Nd3 Bb7 21. Rf1
Re8 22. Qg3 Rc8 23. Rac1 Be4 24. Ba4 Bc6 25. Bxc6 Nxc6 26. Rce1 Qd5 27. b3 Qa5
28. Rxe8+ Rxe8 29. Re1 Re4 30. Qf3 Qxc3 31. Rc1 Rxf4 32. Rxc3 Rxf3 33. gxf3
Nxd4 34. Kg2 Bf6 35. Rc7 Nb5 36. Rb7 Bc3 37. Nf4 Kg7 38. Nd5 Bd2 39. a4 Nd4 40.
Rxa7 Nxb3 41. Nxb6 Be3 42. Rb7 Nc5 43. Re7 f4 44. a5 Nd3 45. Nd5 Bc5 46. Rc7
Bd4 47. Kf1 g5 48. a6 Ne5 49. Ke2 g4 50. Nxf4 gxf3+ 51. Kf1 Bb6 52. Rb7 Be3 53.
a7 Ng4 54. Nh3 1-0

[Event "III Memorial Oliver Gonzalez (Torneo A)"]
[Site "Polideportivo Daoiz y Velarde,"]
[Date "2012.09.04"]
[Round "4"]
[White "Santos Ruiz, Miguel"]
[Black "Horcajada Reales, Guillermo"]
[Result "1/2-1/2"]
[WhiteElo "2050"]
[BlackElo "2207"]
[PlyCount "47"]
[EventDate "2012.09.01"]
[EventRounds "9"]
[EventCountry "ESP"]

1. e4 e6 2. d4 d5 3. Nd2 Nf6 4. Bd3 dxe4 5. Nxe4 Nbd7 6. Nf3 Be7 7. O-O O-O 8.
Nxf6+ Nxf6 9. Ne5 c5 10. Be3 Nd5 11. Kh1 Nxe3 12. fxe3 g6 13. Qf3 f6 14. Nxg6
hxg6 15. Bxg6 Kg7 16. Qg4 Rg8 17. Be8+ Kf8 18. Qh5 Qxe8 19. Qh6+ Kf7 20. Qh7+
Rg7 21. Qh5+ Kf8 22. Qh8+ Kf7 23. Qh5+ Kf8 24. Qh8+ 1/2-1/2

[Event "III Memorial Oliver Gonzalez (Torneo A)"]
[Site "Polideportivo Daoiz y Velarde,"]
[Date "2012.09.04"]
[Round "4"]
[White "Coleto Calderon, Jose Antonio"]
[Black "Hernando Pertierra, Jose C"]
[Result "0-1"]
[WhiteElo "2096"]
[BlackElo "2376"]
[PlyCount "146"]
[EventDate "2012.09.01"]
[EventRounds "9"]
[EventCountry "ESP"]

1. e4 g6 2. d4 Bg7 3. c3 d5 4. e5 c5 5. Nf3 Nc6 6. dxc5 Bg4 7. Be2 e6 8. Nd4
Bxe2 9. Qxe2 Nxe5 10. Nb5 Qd7 11. Nd6+ Kf8 12. O-O Ne7 13. b4 Nf5 14. Nxf5 gxf5
15. Na3 a6 16. Bb2 Ng6 17. f4 Rd8 18. Nc2 h5 19. a4 h4 20. Nd4 Qc7 21. g3 Ne7
22. Ba3 Bxd4+ 23. cxd4 Kg7 24. Kg2 Ng8 25. Qe5+ Qxe5 26. fxe5 h3+ 27. Kf3 Nh6
28. Bc1 Ng4 29. Ra2 f6 30. Bf4 fxe5 31. Bxe5+ Nxe5+ 32. dxe5 Kf7 33. Ke3 Ke7
34. Kd4 Rdf8 35. Ra3 Kd7 36. Rf4 Kc6 37. Rb3 Kc7 38. Rc3 Kc6 39. Rb3 Kd7 40.
Rc3 Kc7 41. Ra3 b6 42. cxb6+ Kxb6 43. Rc3 Rc8 44. Rff3 Rcg8 45. Rf4 Rg7 46.
Rff3 Rhg8 47. Rf4 Rh8 48. Rff3 Rg4+ 49. Rf4 Rxf4+ 50. gxf4 Rh4 51. Rf3 Rg4 52.
Kc3 a5 53. bxa5+ Kxa5 54. Kb3 Rh4 55. Ka3 Rh7 56. Rc3 Rb7 57. Rc6 Rb6 58. Rc3
Ka6 59. Rxh3 Rc6 60. Rh6 Ka5 61. h4 d4 62. Rh8 Rc3+ 63. Kb2 Rf3 64. Re8 Kxa4
65. Rxe6 Rf2+ 66. Kc1 Kb3 67. Rc6 Rxf4 68. h5 Re4 69. e6 f4 70. e7 Rxe7 71. Rf6
Kc3 72. Kd1 Ra7 73. Rxf4 d3 0-1

[Event "III Memorial Oliver Gonzalez (Torneo A)"]
[Site "Polideportivo Daoiz y Velarde,"]
[Date "2012.09.04"]
[Round "4"]
[White "Garcia-Ruiz Fuentes, Angel M"]
[Black "Solaesa Navalpotro, Luis Julio"]
[Result "0-1"]
[WhiteElo "1943"]
[BlackElo "2235"]
[PlyCount "70"]
[EventDate "2012.09.01"]
[EventRounds "9"]
[EventCountry "ESP"]

1. e4 c6 2. d4 d5 3. e5 Bf5 4. Nc3 e6 5. g4 Bg6 6. Nge2 f6 7. h4 Nd7 8. f4 Qc7
9. f5 Bf7 10. fxe6 Bxe6 11. Nf4 Ke7 12. Nxe6 Kxe6 13. g5 fxe5 14. Bh3+ Ke7 15.
O-O Re8 16. dxe5 Kd8 17. Bxd7 Qxd7 18. Be3 Ne7 19. Bxa7 Nc8 20. Bf2 Rxe5 21.
Qd4 Bd6 22. Bg3 Re7 23. Bxd6 Qxd6 24. Qg4 h5 25. Qg2 Rhe8 26. Rad1 Nb6 27. Rf3
Kc8 28. b3 Qb4 29. Qh3+ Kb8 30. Qg3+ Ka8 31. a3 Qc5+ 32. Kf1 Re3 33. Na4 Nxa4
34. bxa4 Rxf3+ 35. Qxf3 Rf8 0-1

[Event "III Memorial Oliver Gonzalez (Torneo A)"]
[Site "Polideportivo Daoiz y Velarde,"]
[Date "2012.09.04"]
[Round "4"]
[White "Gonzalez Mateos, Rafael"]
[Black "Lopez Ziegler, Carlos"]
[Result "1-0"]
[WhiteElo "2161"]
[BlackElo "1918"]
[PlyCount "99"]
[EventDate "2012.09.01"]
[EventRounds "9"]
[EventCountry "ESP"]

1. d4 d5 2. c3 b6 3. Nf3 Nf6 4. Bg5 e6 5. Nbd2 Bb7 6. e3 Be7 7. Bb5+ c6 8. Ba4
Nbd7 9. Qe2 O-O 10. O-O h6 11. Bh4 Ne4 12. Bxe7 Qxe7 13. Nxe4 dxe4 14. Nd2 Nf6
15. f3 exf3 16. Nxf3 c5 17. Bc2 Be4 18. Bb3 Bd5 19. c4 Be4 20. Nd2 Bb7 21. Bc2
Rad8 22. Qd3 g6 23. Rf2 Ng4 24. Rf4 f5 25. Nf3 e5 26. Rxg4 e4 27. Rxg6+ Kh7 28.
Qc3 Kxg6 29. Ne5+ Kh7 30. Kh1 cxd4 31. exd4 Rg8 32. Rf1 Qg5 33. g3 Rdf8 34. d5
Qg7 35. g4 Bc8 36. Qg3 f4 37. Bxe4+ Kh8 38. Qc3 Rf6 39. h3 h5 40. Rxf4 Rxf4 41.
Ng6+ Kh7 42. Nxf4+ Kh8 43. Ng6+ Kh7 44. Ne7+ Kh8 45. Nxg8 Qxc3 46. bxc3 Kxg8
47. Bf5 Ba6 48. gxh5 Bxc4 49. d6 Kf7 50. h6 1-0

[Event "III Memorial Oliver Gonzalez (Torneo A)"]
[Site "Polideportivo Daoiz y Velarde,"]
[Date "2012.09.04"]
[Round "4"]
[White "De La Orden Alcocer, Alejandro"]
[Black "Collado Barbas, Laura"]
[Result "0-1"]
[WhiteElo "1857"]
[BlackElo "2149"]
[PlyCount "50"]
[EventDate "2012.09.01"]
[EventRounds "9"]
[EventCountry "ESP"]

1. c4 e6 2. g3 d5 3. Nf3 Nf6 4. b3 d4 5. Bb2 c5 6. Bg2 Nc6 7. O-O Be7 8. e3 e5
9. exd4 exd4 10. Re1 Qc7 11. Qe2 O-O 12. Ne5 Nxe5 13. Qxe5 Bd6 14. Qg5 h6 15.
Qh4 Bf5 16. Na3 a6 17. h3 Kh7 18. f4 Rae8 19. g4 Bxf4 20. Qf2 Ne4 21. Qf3 Ng5
22. Qf1 Be4 23. Rxe4 Nxe4 24. Qd3 f5 25. gxf5 Bh2+ 0-1

[Event "III Memorial Oliver Gonzalez (Torneo A)"]
[Site "Polideportivo Daoiz y Velarde,"]
[Date "2012.09.04"]
[Round "4"]
[White "Pascual Palomo, Lucia"]
[Black "Largo Barbero, Benito"]
[Result "1-0"]
[WhiteElo "2120"]
[BlackElo "1885"]
[PlyCount "131"]
[EventDate "2012.09.01"]
[EventRounds "9"]
[EventCountry "ESP"]

1. e4 e6 2. d4 d5 3. exd5 exd5 4. Bd3 Bd6 5. Nc3 c6 6. Nge2 Nf6 7. Bg5 Nbd7 8.
f3 Nf8 9. Bf4 Ne6 10. Bxd6 Qxd6 11. Qd2 b5 12. O-O-O a5 13. g4 a4 14. Rde1 b4
15. Nb1 Kd8 16. Rhg1 c5 17. dxc5 Qxc5 18. g5 Nd7 19. f4 Re8 20. f5 Nc7 21. Nf4
Ne5 22. Rg3 g6 23. fxg6 hxg6 24. Rge3 Qd4 25. Ne2 Qc5 26. Ng3 Qd4 27. Bf1 Qxd2+
28. Nxd2 Ng4 29. Rxe8+ Nxe8 30. Bg2 Be6 31. h3 Nf2 32. Re2 Nxh3 33. Rxe6 fxe6
34. Bxh3 Ke7 35. Nf3 Kd6 {(=)} 36. Ne2 Nc7 37. Kd2 Rf8 38. Ke3 e5 39. Bg4 Na6
40. Nh4 Rg8 41. Nc1 Nc5 42. Nd3 d4+ 43. Ke2 e4 44. Nxb4 Ke5 45. Ng2 Rh8 46.
Nc6+ Kd5 47. Ne7+ Kc4 48. Nxg6 Rg8 49. Ne5+ Kd5 50. Nf7 Rg7 51. Nf4+ Kc4 52.
Ne5+ Kb5 53. Nfg6 Rh7 54. Kf1 Rh2 55. Be2+ Kb6 56. Ne7 e3 57. Nd5+ Ka7 58. Ng4
Rh1+ 59. Kg2 Re1 60. Kf3 Ne6 61. g6 Rg1 62. Ke4 Rg2 63. Nf4 Nxf4 64. Kxf4 Rxe2
65. g7 Rf2+ 66. Kg3 1-0

[Event "III Memorial Oliver Gonzalez (Torneo A)"]
[Site "Polideportivo Daoiz y Velarde,"]
[Date "2012.09.04"]
[Round "4"]
[White "Ciuro Muñoz, Ricardo"]
[Black "Hernandez Gutierrez, Jose"]
[Result "1-0"]
[WhiteElo "2102"]
[BlackElo "1877"]
[PlyCount "103"]
[EventDate "2012.09.01"]
[EventRounds "9"]
[EventCountry "ESP"]

1. Nf3 c5 2. c4 Nf6 3. Nc3 Nc6 4. g3 g6 5. Bg2 Bg7 6. O-O O-O 7. d3 d6 8. Rb1
Rb8 9. a3 Nd7 10. Bd2 a5 11. Nb5 Nd4 12. Nfxd4 cxd4 13. b4 axb4 14. axb4 b6 15.
Na7 Bb7 16. Nc6 Bxc6 17. Bxc6 Ne5 18. Bg2 Qd7 19. b5 Qc8 20. Ra1 e6 21. Ra7 Rd8
22. Qb3 Nd7 23. Rfa1 Nf6 24. Bf4 Qc5 25. Qa3 Qxa3 26. R1xa3 h6 27. h4 Bf8 28.
Bc6 e5 29. Bd2 d5 30. R3a4 dxc4 31. dxc4 Kg7 32. Kg2 Bd6 33. f3 Ng8 34. Bb4
Bxb4 35. Rxb4 Nf6 36. g4 g5 37. Rb3 Rdc8 38. hxg5 hxg5 39. Re7 Re8 40. Bxe8
Rxe8 41. Rxe8 Nxe8 42. e3 Nc7 43. exd4 exd4 44. c5 bxc5 45. b6 Na6 46. b7 Nb8
47. Rb5 c4 48. Rd5 d3 49. Kf2 Kf6 50. Rc5 Ke6 51. Rxc4 Kd5 52. Rc8 1-0

[Event "III Memorial Oliver Gonzalez (Torneo A)"]
[Site "Polideportivo Daoiz y Velarde,"]
[Date "2012.09.04"]
[Round "4"]
[White "Martin Prior, Francisco Jose"]
[Black "Lopez Moll, Jose Manuel"]
[Result "1-0"]
[WhiteElo "1867"]
[BlackElo "1991"]
[PlyCount "57"]
[EventDate "2012.09.01"]
[EventRounds "9"]
[EventCountry "ESP"]

1. d4 d6 2. c4 e5 3. d5 f5 4. g3 Nf6 5. Bg2 g6 6. Nc3 Bg7 7. e4 O-O 8. Nge2
fxe4 9. Nxe4 Nxe4 10. Bxe4 Bh3 11. Qc2 Nd7 12. Be3 Nf6 13. Bg5 Qd7 14. Bxf6
Rxf6 15. f4 b5 16. fxe5 dxe5 17. O-O-O Rb8 18. cxb5 Rf2 19. Bd3 e4 20. Bc4 Rxb5
21. d6+ Kf8 22. Bxb5 Qxb5 23. d7 Bxd7 24. Rxd7 Qxd7 25. Qc5+ Qd6 26. Qxf2+ Kg8
27. Nc3 Qd3 28. Qc2 Bh6+ 29. Kb1 1-0